Region III Highly Urbanized Municipalities | Philippine Provinces - Statistics

General Stats
  • This quiz has been taken 5 times
  • The average score is 7 of 13
Answer Stats
Answer % Correct
Olongapo
100%
Angeles
80%
San Fernando
80%
Mabalacat
60%
Malolos
60%
Muñoz
60%
San Jose
60%
Tarlac City
60%
Balanga
40%
Cabanatuan
40%
Gapan
40%
Palayan
40%
Baliuag
20%
No matching quizzes found
Score Distribution
Percent of People with Each Score
Percentile by Number Answered
Your Score History
You have not taken this quiz